| 000 | 01071naa a22002777a 4500 | ||
|---|---|---|---|
| 001 | BR8902294 | ||
| 003 | BR-BrBNA | ||
| 005 | 20250721155353.0 | ||
| 007 | ta | ||
| 008 | 250630b bl.|||m| |||| 00| 0 por d | ||
| 040 |
_aBR-BrBNA _bpor _cBiblioteca Nacional de Agricultura |
||
| 041 | _a(Pt) | ||
| 072 |
_aQ02; E14 _b9700 _bG514 |
||
| 090 | _aQ02 BR8902294 | ||
| 100 | 1 | _aSevero, M.P. de F. | |
| 245 | 1 | _aAnalise de hidrocarbonetos clorados e outros residuos biologicos no programa nacional de controle de residuos biologicos em carne | |
| 500 | _aInformativo LANARA - abril/maio/junho [Laboratorio Nacional de Referencia Animal] Brasilia, DF (Brasil): 1986. p. 40-49 (BR8902294-AMS) | ||
| 773 | 0 |
_tInformativo LANARA - abril/maio/junho [Laboratorio Nacional de Referencia Animal] _wQ02 BR8902294 _gBrasilia, DF (Brasil), 1986. p. 40-49 |
|
| 650 | _aCARNE | ||
| 650 | _aHIDROCARBONETO | ||
| 650 | _aRESIDUO | ||
| 650 | _aPROJETO AGRICOLA | ||
| 490 |
_aInformativo LANARA (Brazil) _vv. 8(28) |
||
| 942 |
_cAMS _2AGRIS |
||
| 909 |
_a202506 _bLúcia _c55 _dLúcia Elande |
||
| 999 |
_c336118 _d336118 |
||